Diagnóstico y rediseño de los procesos de manejo y tratamiento de los desechos sólidos en el Hospital México
Gorde:
| Egile nagusia: | |
|---|---|
| Beste egile batzuk: | |
| Formatua: | Liburua |
| Argitaratua: |
San José, C.R.
1999
|
| Gaiak: | |
| Etiketak: |
Etiketa erantsi
Etiketarik gabe, Izan zaitez lehena erregistro honi etiketa jartzen!
|
MARC
| LEADER | 00000nam a2200000Ia 4500 | ||
|---|---|---|---|
| 003 | 008596 | ||
| 005 | 20221231144219.0 | ||
| 008 | 140114s1999 cr a m 000 ||s d | ||
| 040 | |c cru CEDI | ||
| 090 | |a TFG 3919 | ||
| 100 | |a Campos Arrieta, Gabriela |9 8810 | ||
| 245 | |a Diagnóstico y rediseño de los procesos de manejo y tratamiento de los desechos sólidos en el Hospital México | ||
| 260 | |c 1999 |a San José, C.R. | ||
| 300 | |a 238, [95] hojas : ilustraciones (algunas a color) | ||
| 500 | |a Proyecto de graduación (licenciatura en ingeniería industrial)--Universidad de Costa Rica. Facultad de Ingeniería. Escuela de Ingeniería Industrial | ||
| 650 | |x HOSPITAL MEXICO (COSTA RICA) |x BASURAS Y APROVECHAMIENTO DE BASURAS |x ASPECTOS AMBIENTALES |x RESIDUOS DE HOSPITALES |x ADMINISTRACION |9 8812 | ||
| 700 | |9 8811 |a Navarro Blanco, Dinia | ||
| 942 | |c TFG | ||
| 999 | |c 18547 |d 18547 | ||
